01566nam a2200313 a 4500001001000000003000900010005001700019008004100036040002500077041001800102082001900120245032900139260005400468300003500522520031000557546004600867650004400913650003700957650003900994700001901033700002101052700001801073700002001091700002701111700002601138700002801164700003101192710002901223000034092DO-SdBNP20251027110842.0110923s2000 dr ac 000 0 spa d aDO-SdBNPbspacBNPHU17aspa2enghfre a745.723bV648u03aLa vida urbana en la región del caribe = the urban life in the caribbean region = la vie urbaine dans la region des caraibes :bprimera exposición temática itinerante en la región /ctextos Derek Walcott... [et al.] ; editor Marianne de Tolentino, Clara Caminero ; traducciones Ricardo Golibart, Nicolás Labrecque. aSanto Domingo :bCentro Cultural Cariforo,c2000. a104 p. :bil. retrs. ;c23 cm. aSe presenta la exposición temática itinerante de 154 obras sobre el tema "La vida urbana en la región del Caribe", con 80 pinturas, 30 fotografías, 6 dibujos, 29 grabados, 9 instalaciones de 68 artistas caribeños. Se muestra un resumen curricular de los autores de los 15 países participantes. aTexto en español, inglés y francés. 4aArte caribeñoySIGLO XXxExposiciones 4aPintura caribeñaxExposiciones 4aPintores caribeñosxExposiciones1 aWalcott, Derek1 aAlexis, Gérald1 aJansen, Betty1 aPoupeye, Veerle1 aTolentino, Marianne de1 aCaminero, Clara,eed.1 aGolibart, Ricardo,etr.1 aLabrecque, Nicolás,etr.22aCentro Cultural Cariforo